000 00459nam a2200181Ia 4500
001 20983
005 20260306172846.0
008 260306t1997||||xx |||||||||||||| ||spa||
041 _aESP
082 _a343.811
_bV67 1997
100 _aVillegas, Héctor B.
_eAUT
245 0 _aCurso de finanzas, derecho financiero y tributario
260 _c1997
300 _axl, 890 páginas :
_c23 cm.
650 _aGEN
654 _aCCO
942 _cLIB
_dJUS
_fJUS
_2ddc
_n
999 _c20983
_d20983